Every Dallas Mavericks AllStar - Statistics

General Stats
  • This quiz has been taken 14 times
  • The average score is 6 of 12
Answer Stats
Year/Years Number of AllStars Player % Correct
1995,2009 2x Jason Kidd
91%
2024 1x Anthony Davis
73%
2001,2002,2003,2004,2005,2006,2007,2008,2009,2010,2011,2013,2014,2018 14x Dirk Nowitzki
73%
2019,2020,2021,2022,2023 5x Luka Doncic
73%
2022,2024 2x Kyrie Irving
64%
2001,2002 2x Steve Nash
64%
1999,2000 2x Michael Finley
45%
1983,1986,1987 3x Mark Agguire
36%
2006 1x Josh Howard
18%
1984,1985,1986,1989 4x Rolando Blackman
18%
1996 1x Chris Gatling
0%
1987 1x James Donaldson
0%
No matching quizzes found
Score Distribution
Percent of People with Each Score
Percentile by Number Answered
Your Score History
You have not taken this quiz